02834nam a2200313 i 4500003000500000005001700005008004100022040002500063090002400088100003800112245006500150300001600215336002100231337002500252338002300277502010100300504003900401520163900440700003302079700003602112700003902148720003202187720004302219720003702262720003902299942004002338952012502378999001702503CSPC20260130102503.0260129s2024 ph a b 000 0 eng d aCSPCbengcCSPCerda aUTH BSHM C757s 20241 aConstante, Ma. Donna C.,eauthor.10aSitaw cracklings / cMa. Donna C. Constante, [and 3 others]. a150 leaves. 2rdacontentatext 2rdamediaaunmediated 2rdacarrieravolume aUndergraduate Theses (BSHM) - Hospitality Management.cCamarines Sur Polytechnic Colleges, 2024. aIncludes bibliographic references.3 aSitaw, commonly cultivated in the Philippines, is an abundant and accessible legume often found in backyards and local markets. This study examines the development of Sitaw Cracklings, an innovative snack utilizing Sitaw as its primary ingredient. The research evaluated the acceptability of two Sitaw Cracklings variants— Classic and Spicy—assessing key sensory attributes: appearance, aroma, taste, and texture. Additionally, it identified the most preferred variant and proposed further innovative Sitaw-based products based on the findings. The study employed a quantitative development research design, gathering data from 50 respondents, including 10 young entrepreneurs, 10 CTHBM instructors, and 30 third-year BSHM students. A self-made questionnaire was used as the primary data collection tool, and the results were analyzed using weighted mean calculations. The findings revealed that Spicy Sitaw Cracklings achieved the highest overall acceptability, with a total weighted mean (TWM) of 3.82, making it the most preferred variant. The Classic Sitaw Cracklings followed with a TWM of 3.62. Both variants were rated as "Highly Acceptable," with specific ratings of 3.53 for Classic and 3.56 for Spicy. While respondents expressed high satisfaction with both products, they recommended incorporating new flavors and enhancing the appearance and aroma to further improve sensory appeal. As an output, the study developed a brochure showcasing the recipe and preparation process for Sitaw Cracklings, highlighting Sitaw's versatility as an ingredient and its potential for creating sustainable and innovative food products.1 aArbo, Trisha Mae L.eauthor.1 aBucad, John Patrick G.eauthor.1 aBuquiron, Diana Angela V.eauthor. aCarilo, Maruja C.eadviser. aOliveros, Rosanna B.echair, panelist. aBulalacao, Rosalie B.epanelist. aLumabe, John Mykelle H.epanelist. 2ddcn0cUMhC757s iBSHMkUTHm2024 00102ddc4070aCSPCbCSPCcUTHd2026-01-29l0oUTH BSHM C757s 2024p007164UMr2026-01-29 08:59:31t1-1w2026-01-29yUM c31631d31631